Lourdes /

Sparad:
Bibliografiska uppgifter
Huvudupphov: Matteucci, Rosa (Författare, medförfattare)
Materialtyp: Bok
Språk:italienska
Utgiven: Milano : Adelphi, 1999
Upplaga:3. ed
Serie:Fabula ; 115
Taggar: Lägg till en tagg
Inga taggar, Lägg till första taggen!

MARC

LEADER 00000nam a22000007i 4500
001 IT\ICCU\RML\0077184
003 ItRI
005 20250918170406.0
008 990914s1999 it |||||| ||||| |||||c
020 |a 8845914070 
040 |b ita  |c Arcigay Viterbo 
041 7 |a ita  |2 ISO-639-2 
082 |a 853.92  |2 23 
100 1 |a Matteucci, Rosa  |0 IT\ICCU\RAVV\106149  |4 aut 
245 1 0 |a Lourdes /  |c Rosa Matteucci. 
250 |a 3. ed 
260 |a Milano :  |b Adelphi,  |c 1999 
300 |a 131 p. ;  |c 22 cm. 
830 0 |a Fabula ;  |v 115  |0 IT\ICCU\CFI\0013960 
942 |2 ddc  |c BK  |n 0 
952 |0 0  |1 0  |2 ddc  |4 0  |6 263_042000000000000_MAT_LOU  |7 0  |9 9623  |a VT  |b VT  |d 2025-09-18  |e Donazione Alfonso Antoniozzi  |i B265  |l 0  |o 263.042 MAT LOU  |p B265  |r 2025-09-18 17:05:21  |w 2025-09-18  |y BK  |z Donazione Alfonso Antoniozzi 
981 1 |6 z01  |a i   |b xxxe  
982 1 |6 z01  |a n 
999 |c 8027  |d 8027